000 00720nam a22002417a 4500
999 _c33740
_d33740
001 3024
003 CO-MdFUSB
005 20180622073128.0
008 180420t1994 sp ||||| |||| 00| 0 spa d
020 _a84-7151-918-6
040 _aCO-MdFUSB
_bspa
_cCO-MdFUSB
_dCO-MdFUSBC
_erda
041 0 _aspa
_hfre
082 0 4 _aG 228 P972p
100 1 _aPrévost, Jean-Pierre
_eautor
245 0 _aPara leer el Apocalipsis
_c/ Jean-Pierre Prévost
264 4 _aEstella, Navarra :
_b Verbo Divino,
_c©1994
300 _a128 Pag.
336 _2rdacontent
_atexto
_btxt
337 _2rdamedia
_asin mediación
_bn
338 _2rdacarrier
_avolumen
_bnc
653 _aInterpretación de la Biblia N.T. - Apocalipsis
942 _cBK